| 000 | 01171nam a2200253Ia 4500 | ||
|---|---|---|---|
| 003 | Ost | ||
| 005 | 20260507075125.0 | ||
| 008 | 260507s9999||||xx |||||||||||||| ||und|| | ||
| 040 | _cfsecg | ||
| 041 | _aara | ||
| 082 | _a330 | ||
| 100 |
_aالجواد، دلال صادق _eمؤلف |
||
| 245 | 0 |
_aالأساليب الإحصائية في الإدارة / _c دلال صادق الجواد |
|
| 260 |
_aعمان: _bدار زهران, _c2006 |
||
| 300 |
_a307 صفحة؛ _bإيضاحات ؛ _c25 سم |
||
| 520 | _aالأرقام القياسية-أنواع الأرقام القياسية-اختيار الأرقام القياسية-مصطلحات وتعاريف-التغيرات الإتجاهية-التغيرات الموسمية-التغيرات الدورية والعرضية-الإرتباط بين السلاسل الزمنية-مراقبة جودة الإنتاج | ||
| 653 | _aالإدارة | ||
| 653 | _aالأرقام القياسية | ||
| 653 | _aالأساليب الإحصائية | ||
| 653 | _aالإنتاج | ||
| 653 | _aالتغيرات الموسمية | ||
| 700 |
_aالفتال، ناصر _eمؤلف ثانوي |
||
| 942 | _cكتاب | ||
| 999 |
_c43130 _d43130 |
||